| 000 | 01405nam a22002177a 4500 | ||
|---|---|---|---|
| 003 | NALT | ||
| 005 | 20251021103021.0 | ||
| 008 | s2555 th tha d | ||
| 040 | _aNALT | ||
| 041 | _atha | ||
| 090 |
_aKE 143.8 _bร357ห 2555 |
||
| 100 | 0 |
_aรัฐวิทย์ เรืองประโคน _921048 |
|
| 245 | 1 | 0 |
_aหลักขัดกันของตำแหน่งหน้าที่ของรัฐ : _bศึกษากรณีบุคคลดำรงตำแหน่งฝ่ายนิติบัญญัติและตำแหน่งฝ่ายบริหารในเวลาเดียวกัน / _cรัฐวิทย์ เรืองประโคน. |
| 260 |
_aกรุงเทพฯ : _bมหาวิทยาลัยธรรมศาสตร์, _c2555. |
||
| 300 |
_a222 หน้า ; _b _c30 ซม. |
||
| 650 | 4 |
_aผู้ดำรงตำแหน่งทางการเมือง _928421 _xการขัดกันของหน้าที่ _xวิจัย |
|
| 653 | 4 | _aการขัดกันของตำแหน่งหน้าที่ของรัฐ -- สหรัฐอเมริกา | |
| 653 | 4 | _aการขัดกันของตำแหน่งหน้าที่ของรัฐ -- อังกฤษ | |
| 850 | _aNALT | ||
| 942 |
_cRSH _2local |
||
| 999 |
_c74206 _d74206 |
||
| 998 |
_j104 _k นางสาวสายฝน ดีงาม |
||